000 00882cam a2200253 a 4500
001 000005923
005 20200929151836.0
008 801216s1980 sp 001 p spa d
020 _a8400046218
040 _aDO-SdBNP
_cDLC
_dDLC
082 _a861.64
_bV529L
100 1 _aVerón Gormaz, José,
_d1946-
_916705
245 1 0 _aLegajo incorde /
_cJosé Verón Gormaz.
260 _aZaragoza, España :
_bInstitución "Fernando el Católico",
_c1980.
300 _a66 p. ;
_c25 cm.
490 1 _aSan Jorge
_vvol. 22
490 1 _aPublicación de la Institución "Fernando el Católico"
_vno. 758
500 _aPoemas.
650 4 _aPoesía española
_9631
650 4 _aLiteratura española
_ySIGLO XXI
_94846
830 0 _aSan Jorge ;
_vvol. 22
_914367
830 0 _aPublicación de la Institucion "Fernando el Católico" ;
_vno. 758.
_916706
910 _aCatalogación por copia / LC
999 _c5719
_d5719